Discusión de la credencial del Diputado Don Luis Cabrera y documentos justificativos XXVII legislatura. (Record no. 57104)

MARC details
000 -LEADER
campo de control de longitud fija 00532nam a2200169 i 4500
001 - NÚMERO DE CONTROL
campo de control 57104
003 - IDENTIFICADOR DE NÚMERO DE CONTROL
campo de control ES-MaACL
005 - FECHA Y HORA DE LA ÚLTIMA TRANSACCIÓN
campo de control 20250818173521.0
007 - CAMPO FIJO DE DESCRIPCIÓN FÍSICA--INFORMACIÓN GENERAL
campo de control de longitud fija t|
008 - DATOS DE LONGITUD FIJA--INFORMACIÓN GENERAL
campo de control de longitud fija 031015s1917 mx ||||1| spa d
245 00 - MENCIÓN DEL TÍTULO
Título Discusión de la credencial del Diputado Don Luis Cabrera y documentos justificativos XXVII legislatura.
260 ## - PUBLICACIÓN, DISTRIBUCIÓN, ETC.
Lugar de publicación, distribución, etc. México :
Nombre del editor, distribuidor, etc. [s.n.],
Fecha de publicación, distribución, etc. 1917 (
Fabricante Imp. Cámara de Diputados)
300 ## - DESCRIPCIÓN FÍSICA
Extensión 261 p. ;
Dimensiones 20 cm.
600 14 - PUNTO DE ACCESO ADICIONAL DE MATERIA--NOMBRE DE PERSONA
Nombre de persona Cabrera, Luis,
Fechas asociadas al nombre 1876-1954
9 (RLIN) 33290
852 ## - LOCALIZACIÓN
Ubicación ES-MaACL
Número de control de estantería G-279
Holdings
Estatus retirado Estado de pérdida Estado de daño No para préstamo Biblioteca de origen Biblioteca actual Ubicación en estantería Fecha de adquisición Fuente de adquisición Total de préstamos Signatura topográfica completa Código de barras Visto por última vez Precio de reemplazo Tipo de ítem Koha
        Biblioteca del Ateneo de Madrid Biblioteca del Ateneo de Madrid Depósito 2 17/01/2008     G-279 1059959 23/02/2023 23/02/2023 Libro impreso